Actors in TV & Film Quiz Stats

 Plays Quiz Updated Nov 13, 2015

Also try: TV Name Swap
Challenge
Share
Tweet
Embed
Score 0/30 Timer 05:00
4 Plays Today
TV Show Actor % Correct
The Fresh Prince of Bel-Air Will Smith
98.2%
Friends Jennifer Aniston
91.4%
ERGeorge Clooney
82.2%
Growing PainsLeonardo DiCaprio
80%
That '70s ShowAshton Kutcher
79.4%
MoonlightingBruce Willis
74.8%
Home ImprovementTim Allen
74.2%
Family TiesMichael J. Fox
72.3%
30 Rock Tina Fey
71.8%
In Living ColorJim Carrey
69.2%
Buffy the Vampire SlayerSarah Michelle Gellar
65.6%
Everybody Loves RaymondRay Romano
65.2%
Grey's AnatomyKatherine Heigl
57.3%
Cheers Woody Harrelson
57.1%
Doogie HowserNeil Patrick Harris
56.6%
TV Show Actor % Correct
Mad About YouHelen Hunt
56.6%
Dawson's CreekKatie Holmes
55.6%
LOSTMatthew Fox
55.4%
King of QueensKevin James
54.6%
Just Shoot MeDavid Spade
54.4%
Arrested DevelopmentJason Bateman and Michael Cera
52.4%
Freaks and GeeksJames Franco and Seth Rogen
51.5%
Married... with ChildrenChristina Applegate
45.6%
Two Guys, a Girl and a Pizza PlaceRyan Reynolds
44.2%
Veronica Mars Kristen Bell
42.4%
Party of FiveNeve Campbell
41.1%
How I Met Your MotherJason Segel
37.6%
St. ElsewhereDenzel Washington
37.5%
EntourageJeremy Piven
33%
The OfficeJohn Krasinski
30.1%

You're not logged in!

Compare scores with friends on all Sporcle quizzes.
OR
Log In

You Might Also Like...

Show Comments

Extras

Top Quizzes Today


Score Distribution

Your Account Isn't Verified!

In order to create a playlist on Sporcle, you need to verify the email address you used during registration. Go to your Sporcle Settings to finish the process.

Report this User

Report this user for behavior that violates our Community Guidelines.

Details: